000 00433nam a2200193Ia 4500
003 OSt
005 20230615095503.0
008 210423s2001 xx 000 0 und d
040 _cAL
041 _aeng
082 _a301
_223
_bPAIS
100 _aPAIS (Richard).
_9122130
245 _aSamaja shodhana.
260 _aMangalore
_bMSA
_c2001
365 _cINR
440 _v10
906 _aSamaja ; shodhana.
942 _2ddc
_cBK
999 _c175169
_d175169